[Event "II. CLANSKA LIGA ZAHOD 2016"]
[Site "Komenda"]
[Date "2016.11.26"]
[Round "7.2"]
[White "Mlacnik, Janez"]
[Black "Marn, Jan"]
[Result "0-1"]
[WhiteElo "1874"]
[BlackElo "1934"]
[PlyCount "74"]
[EventDate "2016.11.26"]
[WhiteTeam "KPSRD KAREL JERAJ LJUBLJANA"]
[BlackTeam "SK KOMENDA"]

1. e4 e5 2. Nf3 Nc6 3. Bc4 Bc5 4. b4 Bxb4 5. c3 Be7 6. O-O Nf6 7. d4 d6 8. Re1
O-O 9. h3 exd4 10. Nxd4 Ne5 11. Bb3 c5 12. Nf3 b5 13. Bf4 Qc7 14. Na3 a6 15. c4
b4 16. Nc2 Bb7 17. Bxe5 dxe5 18. Nd2 Rfd8 19. f3 Nh5 20. Ne3 Bh4 21. Rf1 Bg5
22. Nd5 Bxd5 23. exd5 Be3+ 24. Rf2 Bxf2+ 25. Kxf2 Nf4 26. Ne4 a5 27. g3 Nxh3+
28. Kg2 f5 29. Nxc5 Qxc5 30. Kxh3 Ra6 31. Qg1 Qc8 32. c5 Rg6 33. d6+ Kh8 34.
Rd1 f4+ 35. g4 h5 36. d7 Rxd7 37. Rxd7 Qxd7 0-1

[Event "II. CLANSKA LIGA ZAHOD 2016"]
[Site "Komenda"]
[Date "2016.11.26"]
[Round "7.3"]
[White "Kralj, Nejc"]
[Black "Vertacnik, Viktor"]
[Result "1-0"]
[WhiteElo "1695"]
[BlackElo "1570"]
[PlyCount "53"]
[EventDate "2016.11.26"]
[WhiteTeam "SK KOMENDA"]
[BlackTeam "KPSRD KAREL JERAJ LJUBLJANA"]

1. e4 e5 2. Nf3 Nc6 3. Bc4 Bc5 4. c3 Nf6 5. d3 d6 6. Nbd2 O-O 7. Bb3 Ne7 8. O-O
Ng6 9. h3 c6 10. Re1 Re8 11. Nf1 Bb6 12. Ng3 h6 13. d4 exd4 14. cxd4 Nh7 15.
Qd3 Nh4 16. e5 d5 17. Bc2 Nxf3+ 18. gxf3 Ng5 19. f4 Nxh3+ 20. Kg2 g6 21. f5 Qh4
22. fxg6 Nf4+ 23. Bxf4 Qxf4 24. gxf7+ Qxf7 25. Rh1 Qg7 26. Rag1 Kh8 27. Kf1 1-0

[Event "II. CLANSKA LIGA ZAHOD 2016"]
[Site "Komenda"]
[Date "2016.11.26"]
[Round "7.4"]
[White "Cizman, Gregor"]
[Black "More, Erlend"]
[Result "1/2-1/2"]
[WhiteElo "1611"]
[BlackElo "1650"]
[PlyCount "23"]
[EventDate "2016.11.26"]
[WhiteTeam "KPSRD KAREL JERAJ LJUBLJANA"]
[BlackTeam "SK KOMENDA"]

1. d4 Nf6 2. Nf3 e6 3. e3 b6 4. Bd3 Bb7 5. Nbd2 c5 6. c3 cxd4 7. exd4 Be7 8.
O-O O-O 9. Re1 d6 10. Qe2 Nbd7 11. Ne4 d5 12. Neg5 {nejasno (32)} 1/2-1/2

[Event "II. CLANSKA LIGA ZAHOD 2016"]
[Site "Komenda"]
[Date "2016.11.26"]
[Round "7.5"]
[White "Mlakar, Matej"]
[Black "Ulaga, Karel"]
[Result "1-0"]
[WhiteElo "1503"]
[BlackElo "1732"]
[PlyCount "57"]
[EventDate "2016.11.26"]
[WhiteTeam "SK KOMENDA"]
[BlackTeam "KPSRD KAREL JERAJ LJUBLJANA"]

1. e4 e5 2. Nc3 Nf6 3. Bc4 Be7 4. d3 O-O 5. Nf3 Nc6 6. O-O d6 7. h3 h6 8. Be3
Na5 9. Bb3 Nxb3 10. cxb3 a6 11. Nh2 Be6 12. f4 exf4 13. Bxf4 Nh7 14. Ng4 Bg5
15. Qe2 Bxf4 16. Rxf4 Qg5 17. Qf3 h5 18. Nf2 g6 19. h4 Qe5 20. Qe3 Qc5 21. Qxc5
dxc5 22. e5 f6 23. exf6 Rxf6 24. Rxf6 Nxf6 25. Nce4 Nxe4 26. Nxe4 b6 27. Re1
Bf5 28. Nf6+ Kf7 29. Nd5 1-0

[Event "II. CLANSKA LIGA ZAHOD 2016"]
[Site "Komenda"]
[Date "2016.11.26"]
[Round "7.6"]
[White "Kanc, Ignacij"]
[Black "Zidar, Jernej"]
[Result "1-0"]
[WhiteElo "1640"]
[BlackElo "1272"]
[PlyCount "75"]
[EventDate "2016.11.26"]
[WhiteTeam "KPSRD KAREL JERAJ LJUBLJANA"]
[BlackTeam "SK KOMENDA"]

1. e4 c5 2. Nf3 d6 3. h3 Nf6 4. Nc3 a6 5. d3 e5 6. Be2 h6 7. O-O Be7 8. Nh2 O-O
9. f4 exf4 10. Bxf4 Nc6 11. Bf3 Nd4 12. Ne2 Nxf3+ 13. Rxf3 b5 14. b3 Bb7 15.
Ng3 Rc8 16. c4 Nh7 17. Nf5 Ng5 18. Rg3 f6 19. h4 Ne6 20. Bxh6 Rf7 21. Be3 Kf8
22. Qh5 Ke8 23. Nxg7+ Kd7 24. Qxf7 Nxg7 25. Rxg7 Qf8 26. Qg6 Re8 27. Rf1 Kd8
28. Ng4 bxc4 29. bxc4 Bc8 30. Rb1 Bxg4 31. Qxg4 Kc7 32. Bh6 Qh8 33. Rg6 a5 34.
Qe6 Kc6 35. Qd5+ Kc7 36. Rb7+ Kd8 37. Ra7 Qh7 38. Qa8# 1-0

[Event "II. CLANSKA LIGA ZAHOD 2016"]
[Site "Komenda"]
[Date "2016.11.26"]
[Round "7.1"]
[White "Hrescak, Ivana"]
[Black "Rodman, Franc"]
[Result "1/2-1/2"]
[WhiteElo "2173"]
[BlackElo "2078"]
[PlyCount "75"]
[EventDate "2016.11.26"]
[WhiteTeam "SK POSTOJNA"]
[BlackTeam "SD JESENICE"]

1. d4 Nf6 2. c4 c5 3. d5 b5 4. cxb5 a6 5. bxa6 Bxa6 6. Nc3 d6 7. g3 g6 8. Bg2
Bg7 9. Nf3 Nbd7 10. Rb1 Nb6 11. O-O Bc4 12. Ne1 Bxa2 13. Nxa2 Rxa2 14. Qb3 Ra7
15. Qb5+ Nbd7 16. b4 O-O 17. Nd3 Rc7 18. bxc5 Nxc5 19. Nb4 Nfe4 20. Nc6 Nc3 21.
Nxd8 Nxb5 22. Rxb5 Rxd8 23. Be3 Na4 24. Ra5 Rc4 25. Ra7 Bf6 26. Bf3 Kg7 27. Ra6
Rb8 28. Rc6 Rcb4 29. Kg2 Rb1 30. Rxb1 Rxb1 31. Rc1 Rb4 32. Rc7 Rb5 33. Rc2 Nc3
34. Rd2 Rb4 35. Rd3 Rb2 36. Rd2 Rb4 37. Rd3 Rb2 38. Rd2 1/2-1/2

[Event "II. CLANSKA LIGA ZAHOD 2016"]
[Site "Komenda"]
[Date "2016.11.26"]
[Round "7.2"]
[White "Jeraj, Zlatko"]
[Black "Slejko, Vladimir"]
[Result "1-0"]
[WhiteElo "2062"]
[BlackElo "1925"]
[PlyCount "115"]
[EventDate "2016.11.26"]
[WhiteTeam "SD JESENICE"]
[BlackTeam "SK POSTOJNA"]

1. d4 b6 2. Nd2 Bb7 3. Ngf3 d6 4. e4 h6 5. Bd3 e6 6. O-O Nd7 7. Re1 g5 8. h3 h5
9. Nh2 Bg7 10. c3 Ngf6 11. Ndf1 g4 12. hxg4 hxg4 13. Nxg4 Nh5 14. Re3 Nf4 15.
Rg3 Nxd3 16. Qxd3 Qe7 17. a4 a5 18. b4 Ba6 19. b5 Bb7 20. Ngh2 f6 21. e5 O-O-O
22. exd6 cxd6 23. Ba3 Rdg8 24. Re1 Kb8 25. Ne3 Bf8 26. Nc4 Qf7 27. Rxg8 Rxg8
28. f3 Kc7 29. Nd2 f5 30. Qc4+ Kb8 31. Qxe6 Qxe6 32. Rxe6 Kc7 33. Kf2 Bd5 34.
Re2 Bh6 35. Nhf1 Rf8 36. Ne3 Bg8 37. Nec4 Rf6 38. g3 Bd5 39. Ne3 Bb7 40. Bb2 f4
41. Ng4 fxg3+ 42. Kg2 Rg6 43. Nxh6 Rxh6 44. Kxg3 Nf6 45. Re7+ Kc8 46. c4 Rg6+
47. Kf2 Nh5 48. Rf7 Ng3 49. d5 Nh1+ 50. Ke3 Rg1 51. Ne4 Rg6 52. Ba3 Ng3 53.
Nxd6+ Kb8 54. Rxb7+ Ka8 55. Rxb6 Nf5+ 56. Kd3 Rg3 57. Nxf5 Rxf3+ 58. Ne3 1-0

[Event "II. CLANSKA LIGA ZAHOD 2016"]
[Site "Komenda"]
[Date "2016.11.26"]
[Round "7.3"]
[White "Jereb, Lana"]
[Black "Pazlar, Marko"]
[Result "0-1"]
[WhiteElo "1584"]
[BlackElo "2061"]
[PlyCount "100"]
[EventDate "2016.11.26"]
[WhiteTeam "SK POSTOJNA"]
[BlackTeam "SD JESENICE"]

1. e4 e6 2. d4 d5 3. exd5 exd5 4. Bd3 Bd6 5. Nf3 Ne7 6. O-O O-O 7. Re1 Bf5 8.
c3 c6 9. Qc2 Bxd3 10. Qxd3 Qd7 11. Nbd2 Na6 12. Nf1 Qf5 13. Qxf5 Nxf5 14. Bd2
Rfe8 15. Ng3 Nxg3 16. hxg3 f6 17. Nh4 g6 18. f4 Nc7 19. Kf2 Kf7 20. Nf3 Rxe1
21. Rxe1 Re8 22. g4 Rxe1 23. Kxe1 Ke6 24. Ke2 b5 25. b4 Na8 26. Be3 Nb6 27. Nd2
Nc4 28. Nxc4 dxc4 29. Kf3 a6 30. g3 Bc7 31. Bd2 a5 32. a3 Bb6 33. Be3 Bd8 34.
Bd2 a4 35. Be3 h5 36. gxh5 gxh5 37. Bf2 f5 38. Be1 Kd5 39. Bf2 Bf6 40. Ke3 Be7
41. Kf3 Bf8 42. Ke3 Bd6 43. Kf3 Bxb4 44. cxb4 c3 45. Be3 Kc4 46. Ke2 Kb3 47.
Bd2 cxd2 48. Kxd2 Kxa3 49. Kc3 Ka2 50. Kc2 a3 0-1

[Event "II. CLANSKA LIGA ZAHOD 2016"]
[Site "Komenda"]
[Date "2016.11.26"]
[Round "7.4"]
[White "Pavlin, Ivan"]
[Black "Skrbec, Leon"]
[Result "0-1"]
[WhiteElo "1882"]
[BlackElo "1505"]
[PlyCount "54"]
[EventDate "2016.11.26"]
[WhiteTeam "SD JESENICE"]
[BlackTeam "SK POSTOJNA"]

1. d4 Nf6 2. c4 e6 3. Nc3 Bb4 4. a3 Bxc3+ 5. bxc3 O-O 6. g3 d6 7. Bg2 Nbd7 8.
e4 e5 9. Qb3 Re8 10. Bg5 h6 11. Bxf6 Nxf6 12. d5 b6 13. f3 Nd7 14. Bf1 Nc5 15.
Qc2 f5 16. Bd3 Qg5 17. Qe2 fxe4 18. Bxe4 Rf8 19. Bc2 Bf5 20. Bxf5 Qxf5 21.
O-O-O e4 22. f4 Nd3+ 23. Kd2 Rae8 24. Ke3 g5 25. Rf1 gxf4+ 26. gxf4 Kh7 27. h3
Nxf4 0-1

[Event "II. CLANSKA LIGA ZAHOD 2016"]
[Site "Komenda"]
[Date "2016.11.26"]
[Round "7.5"]
[White "Hvala, Inja Ajda"]
[Black "Ravnik, Franc"]
[Result "0-1"]
[WhiteElo "1231"]
[BlackElo "1920"]
[PlyCount "78"]
[EventDate "2016.11.26"]
[WhiteTeam "SK POSTOJNA"]
[BlackTeam "SD JESENICE"]

1. d4 d5 2. Nf3 Nf6 3. Bf4 g6 4. Nc3 Bg7 5. e3 c6 6. Be2 O-O 7. Ne5 Nbd7 8. h4
h6 9. h5 g5 10. Bg3 Nxe5 11. dxe5 Nh7 12. f4 f6 13. exf6 exf6 14. Qd2 Be6 15.
Bd3 f5 16. O-O-O g4 17. Na4 b6 18. Nc3 a5 19. Ne2 c5 20. Nc3 a4 21. Bb5 a3 22.
b3 Qf6 23. Be1 d4 24. exd4 cxd4 25. Nb1 d3 26. c3 Bxb3 27. Bxd3 Bxd1 28. Qxd1
Rfd8 29. Bc4+ Kh8 30. Qb3 Qd6 31. Bd2 Nf6 32. Be3 Ne4 33. Rd1 Qxd1+ 34. Qxd1
Rxd1+ 35. Kxd1 Rc8 36. Be6 Nxc3+ 37. Nxc3 Rxc3 38. Bxb6 Rc6 39. Bxf5 Rxb6 0-1

[Event "II. CLANSKA LIGA ZAHOD 2016"]
[Site "Komenda"]
[Date "2016.11.26"]
[Round "7.6"]
[White "Halilov, Esad"]
[Black "Hrescak, Boris"]
[Result "1-0"]
[WhiteElo "1938"]
[BlackElo "1540"]
[PlyCount "115"]
[EventDate "2016.11.26"]
[WhiteTeam "SD JESENICE"]
[BlackTeam "SK POSTOJNA"]

1. d4 g6 2. c4 Bg7 3. Nf3 d6 4. h3 Nf6 5. Nc3 O-O 6. g3 a6 7. Bg2 Nc6 8. a3 Rb8
9. Qd3 Na5 10. Nd2 Nd7 11. b4 Nc6 12. Nb3 e6 13. Bb2 Ne7 14. e4 e5 15. d5 f5
16. O-O-O b6 17. Kb1 a5 18. b5 fxe4 19. Nxe4 a4 20. Nbd2 Nc5 21. Qe3 Nf5 22.
Qc3 Nd4 23. f3 Bh6 24. Rhe1 Bf5 25. Ka2 Bd7 26. Nxc5 bxc5 27. Ne4 Qe7 28. Bc1
Bxc1 29. Qxc1 Kg7 30. f4 Rf5 31. h4 h6 32. Nf2 Rff8 33. Rd3 Bf5 34. Be4 Qf6 35.
g4 Qxh4 36. Qd2 Bxg4 37. Rh1 Qe7 38. Nxg4 Rxf4 39. Qg2 Rbf8 40. Rxh6 Nf5 41.
Qh3 Rxg4 42. Rh7+ Kf6 43. Rxe7 Kxe7 44. Qxg4 Nd4 45. Rxd4 Rf2+ 46. Kb1 cxd4 47.
Qh4+ Rf6 48. Qh7+ Kd8 49. Qh8+ Ke7 50. Qg7+ Rf7 51. Qxg6 Rf1+ 52. Kc2 Rf2+ 53.
Kd1 Ra2 54. Qe6+ Kd8 55. Bf5 Ra1+ 56. Kc2 d3+ 57. Bxd3 Rxa3 58. Bf5 1-0

[Event "II. CLANSKA LIGA ZAHOD 2016"]
[Site "Komenda"]
[Date "2016.11.26"]
[Round "7.1"]
[White "Beletic, Danijel"]
[Black "Luzar, Emil"]
[Result "1-0"]
[WhiteElo "2303"]
[BlackElo "2176"]
[PlyCount "71"]
[EventDate "2016.11.26"]
[WhiteTeam "SK RIMEX ILIRSKA BISTRICA"]
[BlackTeam "SK DOLENJSKE TOPLICE"]

1. d4 Nf6 2. Bg5 g6 3. Bxf6 exf6 4. e3 Bg7 5. g3 O-O 6. Bg2 d6 7. Ne2 c6 8. c4
Na6 9. O-O Bf5 10. Nbc3 Qd7 11. Nf4 g5 12. Nd3 Bh3 13. b4 Bxg2 14. Kxg2 f5 15.
Rc1 Nc7 16. Qh5 h6 17. h4 Qe7 18. hxg5 hxg5 19. Rh1 Rfe8 20. Qh7+ Kf8 21. Qxf5
a5 22. b5 Qf6 23. Qxf6 Bxf6 24. a4 Rad8 25. g4 c5 26. dxc5 dxc5 27. Nxc5 b6 28.
N5e4 Bxc3 29. Nxc3 Rd2 30. Rh8+ Ke7 31. Rxe8+ Kxe8 32. c5 bxc5 33. Ne4 Ra2 34.
b6 Nd5 35. b7 Rb2 36. Nd6+ 1-0

[Event "II. CLANSKA LIGA ZAHOD 2016"]
[Site "Komenda"]
[Date "2016.11.26"]
[Round "7.2"]
[White "Pucelj, Joze"]
[Black "Doric, Nenad"]
[Result "1/2-1/2"]
[WhiteElo "2084"]
[BlackElo "2255"]
[PlyCount "80"]
[EventDate "2016.11.26"]
[WhiteTeam "SK DOLENJSKE TOPLICE"]
[BlackTeam "SK RIMEX ILIRSKA BISTRICA"]

1. e4 c5 2. Nf3 e6 3. d4 cxd4 4. Nxd4 Nf6 5. Nc3 Nc6 6. Ndb5 d6 7. Bf4 e5 8.
Bg5 a6 9. Na3 b5 10. Nd5 Be7 11. Bxf6 Bxf6 12. c3 O-O 13. Nc2 Bg5 14. Nce3 Ne7
15. Bd3 Nxd5 16. Nxd5 Be6 17. Bc2 Rb8 18. O-O Bxd5 19. Qxd5 b4 20. c4 Qb6 21.
Rad1 Rfd8 22. Bb3 Qc5 23. Qxc5 dxc5 24. Rxd8+ Rxd8 25. Rd1 Rxd1+ 26. Bxd1 Bd8
27. Ba4 Bc7 28. Bc6 Kf8 29. Kf1 Ke7 30. Bd5 f6 31. Ke2 a5 32. b3 Bd8 33. f3 Bc7
34. Ke3 Bd6 35. Kf2 Bb8 36. Ke3 Bd6 37. Kd3 g6 38. Ke3 Kf8 39. Kd3 Kg7 40. Ke3
Bb8 1/2-1/2

[Event "II. CLANSKA LIGA ZAHOD 2016"]
[Site "Komenda"]
[Date "2016.11.26"]
[Round "7.3"]
[White "Nedimovic, Ljubisa"]
[Black "Muhic, Jure"]
[Result "1-0"]
[WhiteElo "2185"]
[BlackElo "1870"]
[PlyCount "125"]
[EventDate "2016.11.26"]
[WhiteTeam "SK RIMEX ILIRSKA BISTRICA"]
[BlackTeam "SK DOLENJSKE TOPLICE"]

1. d4 f5 2. c4 Nf6 3. Nf3 g6 4. g3 Bg7 5. Bg2 O-O 6. O-O d6 7. Nc3 Qe8 8. d5
Na6 9. Nd4 Nc5 10. Rb1 e5 11. dxe6 Nxe6 12. Nxe6 Qxe6 13. Nd5 Qd7 14. b3 Rb8
15. Bb2 b6 16. e3 Ne4 17. Qd3 Bxb2 18. Rxb2 Qg7 19. Qd4 Nf6 20. Nf4 Re8 21. Rd1
Bb7 22. Bd5+ Nxd5 23. Qxg7+ Kxg7 24. cxd5 Bc8 25. Rc2 Re7 26. Rdc1 Rb7 27. Ne2
Kf6 28. Nd4 a6 29. Nc6 Rg7 30. f4 a5 31. a4 h6 32. Kf2 g5 33. Nd4 Re7 34. Nb5
Rb8 35. Rxc7 Rxc7 36. Rxc7 Bb7 37. Nc3 Rc8 38. Rxb7 Rxc3 39. Rxb6 Rc2+ 40. Kf1
Ke7 41. h3 gxf4 42. gxf4 Rh2 43. Rb7+ Kf6 44. Rd7 Rxh3 45. Rxd6+ Kg7 46. Kf2
Rh2+ 47. Kf3 Rd2 48. Rb6 h5 49. Kg3 Rxd5 50. Kh4 Rd3 51. Kxh5 Rxe3 52. Kg5 Rc3
53. Rb7+ Kf8 54. Kxf5 Rf3 55. Ke5 Re3+ 56. Kf6 Ke8 57. f5 Rg3 58. Rb8+ Kd7 59.
Kf7 Kc7 60. Rb5 Kd7 61. f6 Rf3 62. Kg7 Rg3+ 63. Kf8 1-0

[Event "II. CLANSKA LIGA ZAHOD 2016"]
[Site "Komenda"]
[Date "2016.11.26"]
[Round "7.4"]
[White "Janko, Roman"]
[Black "Sajn, Simon"]
[Result "1-0"]
[WhiteElo "1862"]
[BlackElo "2096"]
[PlyCount "121"]
[EventDate "2016.11.26"]
[WhiteTeam "SK DOLENJSKE TOPLICE"]
[BlackTeam "SK RIMEX ILIRSKA BISTRICA"]

1. e4 c5 2. Nc3 d6 3. f4 Nc6 4. Nf3 g6 5. Bc4 Bg7 6. O-O e6 7. d3 Nge7 8. Qe1
O-O 9. a4 Nd4 10. Nxd4 cxd4 11. Ne2 d5 12. Bb3 dxe4 13. dxe4 d3 14. Nc3 Nc6 15.
Be3 dxc2 16. Bxc2 Qa5 17. e5 Qb4 18. Rb1 b6 19. Nb5 Rb8 20. Rf2 Qxe1+ 21. Rxe1
Bb7 22. Be4 Ne7 23. Bxb7 Rxb7 24. Rc1 Nd5 25. Bd4 Rd7 26. g3 Rfd8 27. Bc3 Bf8
28. Kg2 Bc5 29. Re2 a6 30. Nd6 Bxd6 31. exd6 Rxd6 32. Be5 R6d7 33. Rc6 Re8 34.
Kf3 Rb7 35. g4 Rd7 36. g5 Rdd8 37. Re1 Rc8 38. Rec1 Ne7 39. Rc7 Rxc7 40. Rxc7
Nd5 41. Rc6 Rd8 42. Ke4 Kf8 43. a5 bxa5 44. Rxa6 Rc8 45. Rxa5 Rc4+ 46. Kf3 Rc8
47. Ra7 Ke8 48. Ke4 Rc4+ 49. Kf3 Rc8 50. Rb7 Rd8 51. Ke4 Rd7 52. Rb8+ Rd8 53.
Rxd8+ Kxd8 54. Kd4 Kd7 55. Kc5 Ne3 56. b4 Kc8 57. Kc6 Nf5 58. b5 Ne7+ 59. Kb6
Nd5+ 60. Ka7 Nb4 61. Bd6 1-0

[Event "II. CLANSKA LIGA ZAHOD 2016"]
[Site "Komenda"]
[Date "2016.11.26"]
[Round "7.5"]
[White "Rolih, Miran"]
[Black "Gorse, Damjan"]
[Result "1-0"]
[WhiteElo "1795"]
[BlackElo "1784"]
[PlyCount "63"]
[EventDate "2016.11.26"]
[WhiteTeam "SK RIMEX ILIRSKA BISTRICA"]
[BlackTeam "SK DOLENJSKE TOPLICE"]

1. e4 c5 2. Nf3 d6 3. d4 cxd4 4. Nxd4 Nc6 5. Nc3 Bd7 6. Bc4 Nf6 7. O-O Qb6 8.
Ndb5 a6 9. Be3 Qa5 10. Nd4 Ng4 11. Nxc6 bxc6 12. Bf4 g6 13. Qf3 Nf6 14. Rfe1
Bg7 15. e5 dxe5 16. Rxe5 Qb4 17. Bb3 e6 18. Rd1 O-O 19. a3 Qb7 20. Rc5 Nd5 21.
Bd6 Nxc3 22. bxc3 Rfe8 23. Rc4 e5 24. Rb4 Qc8 25. Bxf7+ Kh8 26. Bxe8 Bg4 27.
Qxg4 Qxe8 28. Bc5 Rd8 29. Rxd8 Qxd8 30. h4 Bf6 31. Be3 e4 32. Bd4 1-0

[Event "II. CLANSKA LIGA ZAHOD 2016"]
[Site "Komenda"]
[Date "2016.11.26"]
[Round "7.6"]
[White "Kregulj, Andrej"]
[Black "Delost, Josko"]
[Result "0-1"]
[WhiteElo "1717"]
[BlackElo "1666"]
[PlyCount "90"]
[EventDate "2016.11.26"]
[WhiteTeam "SK DOLENJSKE TOPLICE"]
[BlackTeam "SK RIMEX ILIRSKA BISTRICA"]

1. d4 d5 2. Bf4 e6 3. Nf3 Nf6 4. e3 c5 5. c4 Nc6 6. Nc3 cxd4 7. exd4 Bb4 8. a3
Bxc3+ 9. bxc3 O-O 10. Bd3 dxc4 11. Bxc4 Nd5 12. Bd2 b6 13. O-O Bb7 14. Bd3 h6
15. Re1 Rc8 16. Rc1 Qd6 17. Ne5 Nxe5 18. dxe5 Qc6 19. Qg4 Kh8 20. c4 Ne7 21.
Re3 Nf5 22. Rh3 Rcd8 23. Bc3 Rd7 24. Be2 Rc8 25. Bf3 Qxc4 26. Qxc4 Rxc4 27.
Bxb7 Rxb7 28. Rd1 Rbc7 29. Bb4 Rc1 30. Rhd3 Rxd1+ 31. Rxd1 Kh7 32. g3 Ne7 33.
Bd6 Rb7 34. Kf1 Nd5 35. Rc1 Kg6 36. Rc4 h5 37. Ke2 b5 38. Rc8 a5 39. Kd2 b4 40.
axb4 axb4 41. Rb8 Rxb8 42. Bxb8 Kf5 43. f3 g5 44. Bd6 g4 45. fxg4+ Kxg4 0-1

[Event "II. CLANSKA LIGA ZAHOD 2016"]
[Site "Komenda"]
[Date "2016.11.27"]
[Round "8.1"]
[White "Jukan, Nesib"]
[Black "Luzar, Emil"]
[Result "1-0"]
[WhiteElo "1996"]
[BlackElo "2176"]
[PlyCount "61"]
[EventDate "2016.11.27"]
[WhiteTeam "SK TRZIN"]
[BlackTeam "SK DOLENJSKE TOPLICE"]

1. d4 Nf6 2. Bg5 g6 3. Nf3 Bg7 4. c4 d6 5. Nc3 Nbd7 6. e4 a6 7. Bf4 e5 8. dxe5
Nh5 9. Be3 Nxe5 10. Nxe5 Bxe5 11. Qd2 Be6 12. Be2 Qh4 13. O-O-O Bf4 14. g3 Bxe3
15. Qxe3 Qe7 16. Rhe1 Nf6 17. f3 Nd7 18. f4 Nb6 19. Qd4 O-O-O 20. Nd5 Qd7 21.
Rd3 Kb8 22. Ra3 Bxd5 23. cxd5 Rhe8 24. Bc4 c5 25. dxc6 Qxc6 26. Rc3 Qa4 27. Rd1
f5 28. e5 Nxc4 29. Rxc4 Rc8 30. b3 dxe5 31. Qd6+ 1-0

[Event "II. CLANSKA LIGA ZAHOD 2016"]
[Site "Komenda"]
[Date "2016.11.27"]
[Round "8.2"]
[White "Pucelj, Joze"]
[Black "Rojs, Igor"]
[Result "1/2-1/2"]
[WhiteElo "2084"]
[BlackElo "1986"]
[PlyCount "83"]
[EventDate "2016.11.27"]
[WhiteTeam "SK DOLENJSKE TOPLICE"]
[BlackTeam "SK TRZIN"]

1. e4 e5 2. Nf3 Nc6 3. Bb5 Nf6 4. Qe2 d6 5. h3 Bd7 6. c3 Qe7 7. O-O O-O-O 8.
Re1 Re8 9. d3 h6 10. Nbd2 g5 11. Nh2 Rg8 12. Ndf1 h5 13. Ne3 Qd8 14. Nf5 Ne7
15. Bxd7+ Qxd7 16. Nxe7+ Qxe7 17. Nf1 g4 18. h4 Qe6 19. Ng3 Rh8 20. Nf5 d5 21.
b4 Rg8 22. Qe3 Kb8 23. Bd2 dxe4 24. dxe4 Qc4 25. Qe2 Qxe2 26. Rxe2 Rd8 27. Bg5
Rg6 28. Ng3 Rd3 29. Rae1 Rxc3 30. Rd2 Bd6 31. Bxf6 Rxf6 32. Nxh5 Rh6 33. Ng3
Rxh4 34. Nf5 Rh8 35. Nxd6 cxd6 36. Rxd6 g3 37. fxg3 Rxg3 38. Rf6 Rhg8 39. Re2
R8g7 40. Rf5 R3g5 41. Rxg5 Rxg5 42. Rf2 1/2-1/2

[Event "II. CLANSKA LIGA ZAHOD 2016"]
[Site "Komenda"]
[Date "2016.11.27"]
[Round "8.3"]
[White "Bajec, Borut"]
[Black "Muhic, Jure"]
[Result "1-0"]
[WhiteElo "1794"]
[BlackElo "1870"]
[PlyCount "41"]
[EventDate "2016.11.27"]
[WhiteTeam "SK TRZIN"]
[BlackTeam "SK DOLENJSKE TOPLICE"]

1. d4 Nf6 2. c4 g6 3. Nc3 d5 4. Nf3 Bg7 5. e3 O-O 6. Bd3 c6 7. O-O dxc4 8. Bxc4
Nfd7 9. Bd2 e5 10. Ne4 Nb6 11. Bb3 exd4 12. Bb4 dxe3 13. Bxf8 exf2+ 14. Rxf2
Qxd1+ 15. Rxd1 Kxf8 16. Nfg5 Bf5 17. Nxh7+ Ke7 18. Nc5 N8d7 19. Ne6 Bh8 20. Nf4
Ne5 21. Re2 1-0

[Event "II. CLANSKA LIGA ZAHOD 2016"]
[Site "Komenda"]
[Date "2016.11.27"]
[Round "8.4"]
[White "Janko, Roman"]
[Black "Grum, Andrej"]
[Result "1-0"]
[WhiteElo "1862"]
[BlackElo "1777"]
[PlyCount "91"]
[EventDate "2016.11.27"]
[WhiteTeam "SK DOLENJSKE TOPLICE"]
[BlackTeam "SK TRZIN"]

1. e4 c5 2. Nc3 e5 3. Bc4 Nf6 4. d3 d6 5. f4 exf4 6. Nf3 Be7 7. O-O O-O 8. Bxf4
Bg4 9. Qe1 Nbd7 10. Qg3 Nb6 11. Bb3 Bxf3 12. Qxf3 Rc8 13. Ne2 c4 14. dxc4 Nxc4
15. Rad1 Qb6+ 16. Kh1 Ne5 17. Bxe5 dxe5 18. Nc3 Rfd8 19. Nd5 Qc5 20. Qf5 Nxd5
21. Qxf7+ Kh8 22. exd5 Qd6 23. Qe6 Bf6 24. Qf5 Rf8 25. Qe4 Be7 26. Rfe1 Bf6 27.
c4 b6 28. Bc2 g6 29. Re3 Bg7 30. Rh3 Rf6 31. Qh4 h6 32. Qe4 Rcf8 33. Bd3 Rf4
34. Qe3 Qf6 35. Rf3 Qd6 36. Rdf1 g5 37. Rxf4 Rxf4 38. Rxf4 exf4 39. Qe8+ Qf8
40. Qe4 Kg8 41. Qh7+ Kf7 42. Qg6+ Kg8 43. Be4 Qe7 44. d6 Qf6 45. d7 Qe7 46.
Qe8+ 1-0

[Event "II. CLANSKA LIGA ZAHOD 2016"]
[Site "Komenda"]
[Date "2016.11.27"]
[Round "8.5"]
[White "Borstnik, Ales"]
[Black "Gorse, Damjan"]
[Result "1-0"]
[WhiteElo "1747"]
[BlackElo "1784"]
[PlyCount "109"]
[EventDate "2016.11.27"]
[WhiteTeam "SK TRZIN"]
[BlackTeam "SK DOLENJSKE TOPLICE"]

1. e4 e6 2. d4 d5 3. exd5 exd5 4. Nc3 Nf6 5. h3 Bb4 6. Bd2 O-O 7. Nf3 Re8+ 8.
Be3 Ne4 9. Qd3 Bf5 10. g4 Bg6 11. Qb5 Bxc3+ 12. bxc3 Nd6 13. Qe2 Nc4 14. Bg2
Nd7 15. O-O Ndb6 16. a4 Nxe3 17. fxe3 Nc4 18. Ne5 Nxe5 19. dxe5 Rxe5 20. Qb5
Rb8 21. Rad1 c6 22. Qc5 a6 23. c4 Bxc2 24. Rd2 Bxa4 25. Qb4 b5 26. cxb5 cxb5
27. Qd4 f6 28. Bxd5+ Kh8 29. Qf4 Qb6 30. Rd4 Rbe8 31. Rc1 Rxe3 32. Qxe3 Rd8 33.
Re4 Qxe3+ 34. Rxe3 g6 35. Bb7 a5 36. Re7 Bb3 37. Rc8 Rxc8 38. Bxc8 a4 39. Be6
Bc2 40. Rb7 Bd3 41. Bd7 a3 42. Be6 Bb1 43. Rxb5 Be4 44. Ra5 Kg7 45. Rxa3 h5 46.
Kf2 hxg4 47. hxg4 Kh6 48. Ke3 f5 49. Kf4 Bc2 50. g5+ Kg7 51. Ra7+ Kf8 52. Ke5
Ke8 53. Kf6 Kd8 54. Rd7+ Ke8 55. Rc7 1-0

[Event "II. CLANSKA LIGA ZAHOD 2016"]
[Site "Komenda"]
[Date "2016.11.27"]
[Round "8.6"]
[White "Kregulj, Andrej"]
[Black "Banfi, Gregor"]
[Result "0-1"]
[WhiteElo "1717"]
[BlackElo "1609"]
[PlyCount "89"]
[EventDate "2016.11.27"]
[WhiteTeam "SK DOLENJSKE TOPLICE"]
[BlackTeam "SK TRZIN"]

1. d4 d5 2. Bf4 Nf6 3. Nf3 e6 4. e3 Bd6 5. Bxd6 Qxd6 6. Nbd2 Nbd7 7. Be2 O-O 8.
c4 c6 9. O-O Ng4 10. h3 Ngf6 11. Qc2 Re8 12. Rad1 b6 13. a3 a5 14. Rc1 Bb7 15.
cxd5 exd5 16. Bd3 c5 17. Bb5 Rec8 18. Bxd7 Nxd7 19. Qb1 g6 20. Rfd1 Rc7 21. b3
Rac8 22. dxc5 bxc5 23. Ne4 Qe7 24. Nc3 d4 25. Nb5 Be4 26. Qb2 Rb7 27. Nbxd4
Rcb8 28. Ne2 Rxb3 29. Qd2 Bxf3 30. gxf3 Ne5 31. Kg2 Qg5+ 32. Ng3 Nd3 33. Rc3
Nb2 34. Rxb3 Rxb3 35. f4 Qe7 36. Rc1 Qb7+ 37. e4 Nd3 38. Rc3 Rxc3 39. Qxc3
Nxf4+ 40. Kh2 Qc7 41. e5 c4 42. Ne4 Ne6 43. Nd6 Qc5 44. Kg3 Nd4 45. Nxc4 0-1

[Event "II. CLANSKA LIGA ZAHOD 2016"]
[Site "Komenda"]
[Date "2016.11.27"]
[Round "8.1"]
[White "Rodman, Franc"]
[Black "Beletic, Danijel"]
[Result "0-1"]
[WhiteElo "2078"]
[BlackElo "2303"]
[PlyCount "68"]
[EventDate "2016.11.27"]
[WhiteTeam "SD JESENICE"]
[BlackTeam "SK RIMEX ILIRSKA BISTRICA"]

1. d4 d5 2. c4 c6 3. Nf3 Nf6 4. g3 Bf5 5. Qb3 Qb6 6. c5 Qxb3 7. axb3 Nbd7 8. b4
Bxb1 9. Rxb1 g6 10. e3 a6 11. Ra1 Rb8 12. Bd2 Bg7 13. Bc3 Ne4 14. Bd3 f5 15.
O-O O-O 16. Ne1 e5 17. Nc2 Rbe8 18. f3 Ng5 19. dxe5 Bxe5 20. Kg2 Bxc3 21. bxc3
Re7 22. h4 Nf7 23. Rfe1 Nf6 24. Rad1 Rfe8 25. Bf1 Ne5 26. Kf2 Kg7 27. Na3 h6
28. Nc2 g5 29. Nd4 Kg6 30. hxg5 hxg5 31. Bd3 Nxd3+ 32. Rxd3 Rh8 33. Rg1 Nd7 34.
Rdd1 Rh2+ 0-1

[Event "II. CLANSKA LIGA ZAHOD 2016"]
[Site "Komenda"]
[Date "2016.11.27"]
[Round "8.2"]
[White "Doric, Nenad"]
[Black "Zeleznik, Alojz"]
[Result "1-0"]
[WhiteElo "2255"]
[BlackElo "2170"]
[PlyCount "109"]
[EventDate "2016.11.27"]
[WhiteTeam "SK RIMEX ILIRSKA BISTRICA"]
[BlackTeam "SD JESENICE"]

1. d4 d5 2. c4 dxc4 3. Nf3 Nf6 4. e3 Be6 5. Na3 Bd5 6. Nxc4 e6 7. Be2 Be7 8.
O-O O-O 9. b3 c5 10. dxc5 Bxc5 11. Bb2 Nc6 12. a3 Rc8 13. Rc1 Be7 14. b4 a6 15.
Rc2 Be4 16. Rd2 Qc7 17. Bxf6 Bxf6 18. Rd7 Qb8 19. Nd6 Bxf3 20. Bxf3 Rc7 21.
Bxc6 bxc6 22. Rxc7 Qxc7 23. Ne4 Be7 24. Qa4 a5 25. Qxa5 Qxa5 26. bxa5 Ra8 27.
a4 Rxa5 28. Ra1 f5 29. Nd2 Bb4 30. Nb3 Ra6 31. Kf1 Kf7 32. Ke2 Ke7 33. Kd3 Kd7
34. Kc4 Bd6 35. a5 Kc7 36. Nc5 Bxc5 37. Kxc5 e5 38. f3 g6 39. g4 Kd7 40. gxf5
gxf5 41. h4 Ke6 42. e4 fxe4 43. fxe4 Ke7 44. h5 Ke6 45. Kb4 Kf6 46. Rf1+ Ke6
47. Rf8 Ra7 48. h6 Ke7 49. Rg8 Kf6 50. Rg7 Ra8 51. Rxh7 Kg6 52. Rc7 Kxh6 53.
Rxc6+ Kg5 54. Kb5 Kf4 55. Rc4 1-0